header

Northern lights against POPs (Record no. 79132)

MARC details
000 -LEADER
fixed length control field 01771nam a2200385Ia 4500
082 04 - DEWEY DECIMAL CLASSIFICATION NUMBER
Classification number 363.738/4/09719
245 00 - TITLE STATEMENT
Title Northern lights against POPs
260 ## - PUBLICATION, DISTRIBUTION, ETC. (IMPRINT)
Place of publication Montreal :
Name of publisher Published for the Inuit Circumpolar Conference Canada by McGill-Queen's University Press,
Year of publication c2003.
300 ## - PHYSICAL DESCRIPTION
Number of Pages xxv, 347 p., [11] p. of plates :
Other physical details ill. (some col.), col. maps, ports.
650 #0 - SUBJECT ADDED ENTRY--TOPICAL TERM
Topical Term Persistent pollutants
Topical Term Organic compounds
Topical Term Persistent pollutants
Topical Term Organic compounds
700 1# - ADDED ENTRY--PERSONAL NAME
Personal name Fenge, T.
Personal name Downie, David Leonard.
856 40 - ELECTRONIC LOCATION AND ACCESS
Uniform Resource Identifier http://site.ebrary.com/lib/rucke/Doc?id=10132878

No items available.

© 2026 Rongo University
Contact us: librarian | system librarian | Rongo university